000 00674cam a2200193 a 4500
020 _a0471148431 (alk. paper)
040 _cDLC
082 0 0 _a658 JOH 1997 A047 Or.
100 1 _aPitcher, Patricia C.
245 1 4 _aThe drama of leadership /
260 _aNew York :
_bJohn Wiley,
_cc1997.
300 _avii, 268 p. :
_bill. ;
_c24 cm.
500 _aOriginally presented as author's thesis (doctoral)--McGill University.
650 0 _aLeadership.
856 4 2 _uhttp://www.loc.gov/catdir/bios/wiley044/96026887.html
856 4 2 _uhttp://www.loc.gov/catdir/description/wiley037/96026887.html
856 4 _uhttp://www.loc.gov/catdir/toc/onix04/96026887.html
942 _cEK
999 _c13475
_d13475